NBA Teams Top 3 Power Forwards Ever - Statistics

General Stats
  • This quiz has been taken 4 times
  • The average score is 31 of 90
Answer Stats
Answer % Correct
A.C. Green
75%
Anthony Davis
75%
Anthony Davis
75%
Buck Williams
75%
Charles Barkley
75%
Charles Barkley
75%
Charles Barkley
75%
Chris Bosh
75%
Chris Bosh
75%
Chris Webber
75%
Dennis Rodman
75%
Dennis Rodman
75%
Dirk Nowitzki
75%
Draymond Green
75%
Giannis Antetokounmpo
75%
Jaren Jackson Jr.
75%
Jermaine O'Neal
75%
Karl Malone
75%
Kevin Garnett
75%
Kevin Garnett
75%
Kevin McHale
75%
Larry Johnson
75%
Tim Duncan
75%
Amar'e Stoudemire
50%
Bobby Jones
50%
Bob Love
50%
David West
50%
Julius Randle
50%
Juwan Howard
50%
Kevin Love
50%
Kevin Love
50%
LaMarcus Aldridge
50%
LaMarcus Aldridge
50%
Pau Gasol
50%
Rasheed Wallace
50%
Rasheed Wallace
50%
Serge Ibaka
50%
Shawn Kemp
50%
Truck Robinson
50%
Zion Williamson
50%
Aaron Gordon
25%
Blake Griffin
25%
Dave DeBusschere
25%
Dave DeBusschere
25%
Dolph Schayes
25%
Elvin Hayes
25%
Elvin Hayes
25%
Evan Mobley
25%
Grant Long
25%
Harrison Barnes
25%
Horace Grant
25%
Horace Grant
25%
Miles Bridges
25%
Paolo Banchero
25%
Pascal Siakam
25%
Pascal Siakam
25%
Scottie Barnes
25%
Tom Heinsohn
25%
Udonis Haslem
25%
Antawn Jamison
0%
Antawn Jamison
0%
Anthony Mason
0%
Bob Pettit
0%
Carlos Boozer
0%
Charles Oakley
0%
Danny Manning
0%
David Lee
0%
Derrick Coleman
0%
Elton Brand
0%
George McGinnis
0%
George McGinnis
0%
Kenyon Martin
0%
Kevin Willis
0%
Kiki Vandeweghe
0%
Larry Kenon
0%
Larry Nance
0%
Maurice Lucas
0%
Otis Thorpe
0%
Otis Thorpe
0%
Paul Millsap
0%
Rashard Lewis
0%
Sam Perkins
0%
Shareef Abdur-Rahim
0%
Spencer Haywood
0%
Terry Cummings
0%
Tom Chambers
0%
Tom Gugliotta
0%
Vin Baker
0%
Wayman Tisdale
0%
Zach Randolph
0%
No matching quizzes found
Score Distribution
Percent of People with Each Score
Percentile by Number Answered
Your Score History
You have not taken this quiz